00499nam a2200169 a 4500008004100000020001500041050001400056100002900070245005100099260003000150300002200180350000900202490003000211500005100241650002400292650001300316120416s1978 ||||||||||||||||| || u a0876261055 aJA 76 Szy aSzymanski, Albert, 1941-14aThe capitalist state and the politics of class aCambridgebWinthropc1978 axvi, 333p. : ill. a0.00 aWinthrop sociology series aIncludes bibliographical references and index. aPOLITICAL SOCIOLOGY aPOLITICS